Fractal horizons : the future use of fractals
Saved in:
| Other Authors: | |
|---|---|
| Format: | Book |
| Language: | English |
| Published: |
New York :
St. Martin's press,
c1996.
|
| Subjects: | |
| Tags: |
Add Tag
No Tags, Be the first to tag this record!
|
MARC
| LEADER | 00000cam a2200000 i 4500 | ||
|---|---|---|---|
| 001 | 1/105098 | ||
| 008 | 000406s1996 nyu ||| | eng|| | ||
| 020 | |a 0312125992 | ||
| 035 | |l 10059105 | ||
| 040 | |a GR-MyUA |b gre |e AACR2 | ||
| 041 | 0 | |a eng | |
| 082 | 0 | |a 514.74 | |
| 245 | 1 | 0 | |a Fractal horizons : |b the future use of fractals / |c edited by Clifford A. Pickover. |
| 260 | |a New York : |b St. Martin's press, |c c1996. | ||
| 300 | |a xxxvii, 355 σ. : |b εικ. ; |c 25 εκ. | ||
| 504 | |a Περιλαμβάνει βιβλιογραφικές αναφορές και ευρετήριο. | ||
| 650 | 0 | 0 | |a Fractals. |
| 700 | 1 | |a Pickover, Clifford A. |e edt | |
| 852 | |a INST |b SAMOS |e 20000406 |h 514.74 FRA |p 005300017895 |q 005300017895 |t BK |y 0 | ||
| 901 | |a BIBL3-2000-1 | ||
| 909 | |a Σ |b 076638 | ||
| 922 | |a 3ΕΛΗ |b 200003 |c ΤΠΕΣ |d ΠΑΠΑΣΩΤΗΡΙΟΥ | ||
| 950 | |a 133-1999-07-20 | ||
| 970 | |a ΓΕΝΟΥΖΟΥ |b ΧΡΥΣΑΝΘΗ |z 2000/04/06 | ||